The Maddie Ziegler Quiz - Statistics

General Stats
  • This quiz has been taken 22 times
  • The average score is 8 of 15
Answer Stats
Hint Answer % Correct
Where is she from? Pittsburgh
82%
Who is the singer she performs for in music videos? Sia
82%
What year was Maddie born? 2002
73%
What is the name of the show she started on? Dance Moms
73%
What was the Disney Channel show she guest starred in? Austin and Ally
64%
What is Maddie's full name? Madison Nicole Ziegler
64%
What was her Dance studio? Abby Lee Dance Company
55%
What is the name of Maddie's dog? Maliboo
55%
What show is Maddie a judge on? So you think you can dance
55%
What is the title of her debut novel about her life? The Maddie Diaries
45%
What is the name of her clothing line? Maddie Style
36%
What is the name of the 2017 movie she starred in? The Book of Henry
36%
What is the name of the animated movie she starred in? Ballerina
27%
What model agency did Maddie sign to? IMG Models
9%
What is the name of the Nickelodeon show she starred in? Nicky, Ricky, Dicky & Dawn
9%
No matching quizzes found
Score Distribution
Percent of People with Each Score
Percentile by Number Answered
Your Score History
You have not taken this quiz